Athlètes Français par Images - Athlétisme #1 - Statistiques

Statistiques générales
  • Ce quiz a été pris 456 fois
    14 depuis la dernière actualisation
  • Le résultat moyen est 10 sur 20
Statistiques - réponses
Par images Réponse % Correct
Kevin Mayer
100%
Pierre Ambroise Bosse
100%
Marie José Pérec
92%
Pascal Martinot-Lagarde
92%
Yohann Diniz
92%
Alexandra Tavernier
83%
Thibaut Collet
83%
Rénelle Lamote
75%
Yoann Kowal
58%
Amélie Le Fur
50%
Morhad Amdouni
42%
Timothée Adolphe
42%
Guy Drut
33%
Jean Galfione
25%
Gloria Agblemagnon
17%
Muriel Hurtis
17%
Arnaud Assoumani
8%
Mandy François Elie
8%
Manuela Montebrun
8%
Micheline Ostermeyer
8%
Aucun quiz correspondant
Distribution des résultats
% des personnes avec chaque résultat
Percentile par nombre de réponses
Votre historique - résultats
Vous n’avez pas pris ce quiz depuis la dernière actualisation